Super Smash Bros. Ultimate Character Quiz - Statistics

General Stats
  • This quiz has been taken 273 times
    264 since last reset
  • The average score is 59 of 78
Answer Stats
Super Smash Bros. 64 % Correct
Dr. Mario
99%
Mario
99%
Luigi
94%
Toon Link
94%
Donkey Kong
93%
Link
93%
Young Link
93%
Princess Peach
92%
Falco Lombardi
91%
Kirby
91%
Pikachu
90%
Dark Samus
89%
Fox McCloud
89%
Zero Suit Samus
89%
Bowser
88%
Bowser Jr. and the Koopalings
88%
Samus
88%
Ken
87%
Princess Zelda
86%
Daisy
85%
Jigglypuff
83%
Ness
83%
Yoshi
82%
R.O.B.
81%
Marth
80%
Pichu
80%
Ryu
80%
Roy
79%
Wario
79%
Captain Falcon
77%
King Dedede
77%
Meta Knight
77%
Wolf O'Donnell
77%
Diddy Kong
75%
Lucas
75%
Mewtwo
75%
Ganondorf
74%
Lucina
74%
Dark Pit
73%
Pit
73%
Solid Snake
73%
Lucario
72%
Ridley
72%
Sonic the Hedgehog
72%
Charizard
71%
Chrom
71%
Ike
71%
Sheik
71%
Bayonetta
70%
King K. Rool
70%
Cloud Strife
69%
Joker
69%
Mr. Game & Watch
69%
Simon Belmont
68%
Corrin
67%
Greninja
67%
Incineroar
67%
Squirtle
67%
Inkling
66%
Isabelle
66%
Mega Man
66%
Ice Climbers
65%
Pac-Man
65%
Piranha Plant
65%
Robin
65%
Villager
65%
Ivysaur
64%
Richter Belmont
64%
Rosalina & Luma
62%
Mii Brawler
60%
Mii Gunner
60%
Mii Swordfighter
60%
Wii Fit Trainer
60%
Olimar
59%
Duck Hunt
58%
Little Mac
58%
Palutena
58%
Shulk
56%
No matching quizzes found
Score Distribution
Percent of People with Each Score
Percentile by Number Answered
Your Score History
You have not taken this quiz since the last reset